Llori Pari - Álvaro Diaz y Feid - Estadísticas

Estadísticas generales
  • Esta prueba ha sido intentada 109 veces
  • La puntuación promedio es 235 de 299
Estadísticas de respuestas
Respuesta % Correcto
no
100%
NO
100%
que
100%
QUE
100%
se
100%
SE
100%
y
100%
Yo
96%
yo
96%
YO
96%
me
95%
ME
95%
Me
95%
a
93%
DE
93%
de
93%
des
93%
pero
91%
PERO
91%
en
89%
EN
89%
TI
89%
ti
89%
ES
88%
es
88%
GUSTAS
88%
NA
88%
si
86%
Si
86%
SI
86%
te
86%
TE
86%
Te
86%
mi
84%
MI
84%
pa
84%
por
84%
tu
84%
un
84%
al
82%
esta
80%
estaba
80%
ESTABA
80%
lo
80%
piensas
80%
PIENSAS
80%
preguntando
80%
PREGUNTANDO
80%
ni
79%
cora
77%
Tos
77%
dicen
75%
el
75%
porque
75%
dia
73%
escribes
73%
Ma
73%
nena
73%
NENA
73%
paso
73%
puesto
73%
ya
73%
Álvarito
71%
Dime
70%
las
70%
los
70%
Los
70%
yeah
70%
borracho
68%
decides
68%
Ferxxo)
68%
pregunto
68%
quise
68%
SIGO
68%
sigo
68%
tiro
68%
alejarte
66%
corazon
66%
freezer
66%
diablo
64%
dos
64%
esto
64%
ESTO
64%
PENDIENTE
64%
perdon
64%
pobre
64%
quieres
64%
tenerte
64%
borran
63%
llora
63%
nos
63%
otro
63%
parece
63%
pedi
63%
sin
63%
SIN
63%
una
63%
Comme
61%
Corriendo
61%
detras
61%
maldicion
61%
maraton
61%
prefieres
61%
puse
61%
rodillas
61%
ahora
59%
era
59%
ERA
59%
frente
59%
horas
59%
olvidar
59%
recuerdos
59%
Rolex
59%
compre
57%
estoy
57%
quiero
57%
siempre
57%
texteo
57%
verte
57%
hize
55%
jeva
55%
mas
55%
mensajes
55%
mente
55%
persiguen
55%
puso
55%
sabe
55%
vuelvo
55%
aqui
54%
baby
54%
duran
54%
estas
54%
otra
54%
todavia
54%
busque
52%
cambio
52%
color
52%
frio
52%
fuera
52%
fuiste
52%
llegan
52%
queria
52%
(Tainy
52%
Tainy
52%
dando
50%
demasiao
50%
solo
50%
todos
50%
VIVIR
50%
vueltas
50%
errores
46%
jodo
46%
llevo
46%
volver
46%
Garçons
43%
baquearte
32%
No se encontraron pruebas coincidentes
Distribución de puntuación
Porcentaje de gente con cada puntuación
Porcentaje por número respondido
Historial de tus puntuaciones
No has intentado esta prueba.